00829cam a22002771 4500001001300000003000400013005001700017008004100034010001700075035002000092040001800112041001100130042001200141050002000153100003200173245002500205260001100230300002200241500002300263500011400286504003100400650003200431700003900463700003200502999001700534sa 65006243 DLC20260227112141.0890511s1965 ii b 000 0 hino  asa 65006243  a(OCoLC)19694634 aDLCcWaUdDLC0 ahinsan apremarc00aPK513b.B4 19650 aBhaṭṭojī Dīkṣita.10aKāraka-dīpikā. c[1965] a8, 221 p.c23 cm. aHindi or Sanskrit. aThe Siddhānta-kaumudī by Bhaṭṭojī Dīkṣita is a commentary on Pāṇini's Aṣṭādhyāyī. aBibliographical footnotes. 0aSanskrit languagexGrammar.0 aPāṇini.tAṣṭādhyāyī.1 aPant, Mohan Vallabh,d1905- c64568d64568